000 00431nam a22001577a 4500
003 OSt
005 20251108152033.0
008 251108b |||||||| |||| 00| 0 eng d
020 _a9780140107814
040 _cIIMT UNIVERSITY, MEERUT
100 _aBipan Chandra, Mridula Mukherjee, Aditya Mukherjee
245 _aIndias Struggle For Independence
260 _aNEW DELHI
_b Penguin India
_c2016
300 _a600
942 _2ddc
_c02
999 _c66752
_d66752